Primavera a Roma : Livello 1/4

Guardado en:
Bibliografiske detaljer
Hovedforfatter: Santoni, Nicoletta
Format: Bog
Sprog:Undetermined
Udgivet: Roma, Italia Bonacci editore 1997
Fag:
Tags: Tilføj Tag
Ingen Tags, Vær først til at tagge denne postø!

MARC

LEADER 00000nam a2200000Ia 4500
008 170316s9999 xx 000 0 und d
999 |c 8212  |d 8212 
040 |a cru BVZT 
090 |a 850 S-2.1p 
100 |a Santoni, Nicoletta 
245 |a Primavera a Roma : Livello 1/4  |c / Nicoletta Santoni 
260 |a Roma, Italia  |b Bonacci editore  |c 1997 
300 |a 30 páginas 
650 |a LITERATURA ITALIANA  |9 212 
650 |a EN IDIOMA ITALIANO 
650 |a HISTORIA  |9 90 
650 |a NIVEL 1 
942 |c 4 D  |h 850 S-2.1p  |2 z